Čo s reklamou na fajčenie?

Európsky súdny dvor zrušil zákaz reklamy na tabakové výrobky v Európskej únii. Zákaz bol zavedený ako samostatné trhové opatrenie, ktoré nevyžadovalo podporu všetkých členských krajín. Odlišnosť zákonov reklamy na tabakové výrobky jednotlivých členských krajinách.

Gespeichert in:
Bibliographische Detailangaben
Format: Buchkapitel
Sprache:Slowakisch
Schlagworte:
Tags: Tag hinzufügen
Keine Tags, Fügen Sie das erste Tag hinzu!

MARC

LEADER 00000naa a2200000 4500
001 r039703
005 20230920071808.2
041 0 |a slo 
044 |a SK 
245 1 0 |a Čo s reklamou na fajčenie? 
520 |a Európsky súdny dvor zrušil zákaz reklamy na tabakové výrobky v Európskej únii. Zákaz bol zavedený ako samostatné trhové opatrenie, ktoré nevyžadovalo podporu všetkých členských krajín. Odlišnosť zákonov reklamy na tabakové výrobky jednotlivých členských krajinách. 
610 2 0 |a reklama 
610 2 0 |a výrobky tabakové 
610 2 0 |a Európska únia 
610 2 0 |a opatrenia 
610 2 0 |a ochrana zdravia